000 00455nam a2200133Ia 4500
003 GCL
008 140319s9999 xx 000 0 ara d
040 _aGCL /
_cGCL
082 0 4 _a149.7
_bا ع
245 1 0 _aالعقلانية الشاملة: ضد الماركسية والبرجماتية الغبية وضد السفسطة والفلسفة الطفولية
260 _a[S.N] :
_bفؤاد هاشم الكتبى ،
_c1991
300 _a396 ص
490 _a
999 _c53390
_d53390